[Event "Turtle Speed # 22"]
[Site "SchemingMind.com"]
[Date "2009.02.03"]
[Round "-"]
[White "reo"]
[Black "Ivancic"]
[Result "0-1"]
[WhiteCountry "THA"]
[BlackCountry "AUS"]
[WhiteElo "1841"]
[WhiteRD "72"]
[BlackElo "1954"]
[BlackRD "75"]
[GameID "189629"]

1. e4 e5 2. Nf3 Nc6 3. Bb5 a6 4. Ba4 Nf6 5. O-O Be7 6. Re1 b5 7. Bb3 d6 8. c3 O-O 9. h3 Bb7 10. d4 Re8
11. Nbd2 Bf8 12. d5 Nb8 13. Nf1 Nbd7 14. N3h2 Nc5 15. Bc2 c6 16. b4 Ncd7 17. dxc6 Bxc6 18. Bg5 h6 19. Bxf6 Nxf6 20. Ng4 Nxe4
21. Bxe4 Bxe4 22. Rxe4 f5 23. Nxh6+ gxh6 24. Re1 f4 25. Qd5+ Kh8 26. a4 bxa4 27. Rxa4 Qc8 28. c4 Rb8 29. Nd2 Be7 30. Rea1 Rg8
31. R1a3 Qf5 32. Rxa6 Rxb4 33. Ra8 Rbb8 34. Rxb8 Rxb8 35. Ra7 Bh4 36. Qxd6 Qf8 37. Qg6 Bxf2+ 38. Kf1 Bxa7
0-1

[Event "Turtle Speed # 22"]
[Site "SchemingMind.com"]
[Date "2009.01.29"]
[Round "-"]
[White "reo"]
[Black "fishofchaos"]
[Result "1-0"]
[WhiteCountry "THA"]
[BlackCountry "ENG"]
[WhiteElo "1885"]
[WhiteRD "86"]
[BlackElo "1883"]
[BlackRD "74"]
[GameID "189630"]

1. d4 Nf6 2. c4 e6 3. Nc3 Bb4 4. a3 Bxc3+ 5. bxc3 c5 6. f3 Nc6 7. e3 b6 8. Bd3 Ba6 9. Ne2 Na5 10. Qa4 O-O
11. Nf4 d5 12. cxd5 Bxd3 13. Nxd3 Nxd5 14. Bd2 Qh4+ 15. g3 Qh3 16. O-O-O cxd4 17. cxd4 Rac8+ 18. Kb1 Nc3+ 19. Bxc3 Rxc3 20. Nf4 Qf5+
21. e4 Qf6 22. Rc1 Rfc8 23. Rxc3 Rxc3 24. Qe8#
1-0

[Event "Turtle Speed # 22"]
[Site "SchemingMind.com"]
[Date "2009.01.29"]
[Round "-"]
[White "reo"]
[Black "Kobiahshi"]
[Result "1-0"]
[WhiteCountry "THA"]
[BlackCountry "USA"]
[WhiteElo "1861"]
[WhiteRD "70"]
[BlackElo "1616"]
[BlackRD "67"]
[GameID "189631"]

1. d4 f5 2. Nc3 Nf6 3. e4 fxe4 4. f3 d5 5. fxe4 dxe4 6. Bc4 Bf5 7. Nge2 e6 8. O-O Nc6 9. a3 Bd6 10. Bf4 a6
11. Qd2 Ne7 12. Ng3 e5 13. dxe5 Bc5+ 14. Kh1 Qxd2 15. Bxd2 Ng4 16. Ncxe4 Nxh2 17. Kxh2 Bd4 18. Nxf5 Nxf5 19. Rxf5 O-O-O 20. Bc3 g6
21. Rf7 Bxe5+ 22. Bxe5 Rhe8 23. Rxc7+ Kb8 24. Re7+ Ka8 25. Rxe8 Rxe8 26. Bd4 Rxe4 27. c3 h5 28. Rf1 Kb8 29. Bd5 Re8 30. Rf7 Rc8
31. Rxb7+ Ka8 32. Rb4+
1-0

[Event "Turtle Speed # 22"]
[Site "SchemingMind.com"]
[Date "2009.01.29"]
[Round "-"]
[White "reo"]
[Black "Mikael Hakim"]
[Result "0-1"]
[WhiteCountry "THA"]
[BlackCountry "INT"]
[WhiteElo "1861"]
[WhiteRD "71"]
[BlackElo "2021"]
[BlackRD "82"]
[GameID "189632"]

1. e4 c5 2. Nf3 d6 3. d4 cxd4 4. Nxd4 Nf6 5. Nc3 a6 6. Be3 e5 7. Nb3 Be6 8. f3 Be7 9. Qd2 b5 10. O-O-O O-O
11. g4 Nbd7 12. g5 b4 13. Ne2 Nh5 14. Ng3 Nf4 15. h4 a5 16. Kb1 a4 17. Nc1 Qc7 18. Bxf4 exf4 19. Nf5 Bxf5 20. exf5 Rfc8
21. Bd3 b3 22. a3 bxc2+ 23. Bxc2 Ne5 24. Bd3 Nxf3 25. Qxf4 Ne5 26. Ka2 Rab8 27. f6 Rxb2+ 28. Kxb2 Qc3+ 29. Ka2 Nxd3 30. Rxd3 Qc2+
31. Ka1 Rb8 32. Qb4 Rxb4 33. axb4 gxf6 34. Re1 fxg5 35. Rf3 g4
0-1

[Event "Turtle Speed # 22"]
[Site "SchemingMind.com"]
[Date "2009.01.30"]
[Round "-"]
[White "reo"]
[Black "Sammy75"]
[Result "0-1"]
[WhiteCountry "THA"]
[BlackCountry "NED"]
[WhiteElo "1770"]
[WhiteRD "79"]
[BlackElo "1864"]
[BlackRD "125"]
[GameID "189633"]

1. d4 Nf6 2. c4 e6 3. Nc3 Bb4 4. Qc2 O-O 5. a3 Bxc3+ 6. Qxc3 b6 7. Bg5 Ba6 8. e3 d6 9. Bd3 Nbd7 10. Ne2 c5
11. Qc2 h6 12. Bh4 Rc8 13. Qa4 Bb7 14. O-O Qc7 15. Nc3 a6 16. Rac1 Bc6 17. Qd1 Qb7 18. f3 d5 19. Na4 dxc4 20. Be2 Nd5
21. Bf2 cxd4 22. exd4 Nf4 23. Re1 b5 24. Nc3 Nf6 25. b3 cxb3 26. Qxb3 Nxe2+ 27. Nxe2 Rfd8 28. Rcd1 Bd5 29. Qe3 Rc2 30. Nf4 Rdc8
31. Rc1 Qc6 32. Rxc2 Qxc2 33. Nd3 Bc4 34. Nc5 Nd5 35. Qe5 a5 36. Nxe6 Nf6 37. Nc5 Re8 38. Qg3 Rxe1+ 39. Bxe1 Qc1 40. Ne4 Nd5
41. Nd6 Nc3 42. Qh4 Qxa3 43. Ne4 b4 44. Nd2 Be6 45. Qd8+ Kh7 46. Qc7 a4 47. Qc5 Qc1 48. Kf1 Qd1
0-1

[Event "Turtle Speed # 22"]
[Site "SchemingMind.com"]
[Date "2009.01.29"]
[Round "-"]
[White "reo"]
[Black "Nobody22"]
[Result "1-0"]
[WhiteCountry "THA"]
[BlackCountry "USA"]
[WhiteElo "1885"]
[WhiteRD "86"]
[BlackElo "1814"]
[BlackRD "112"]
[GameID "189634"]

1. d4 d5 2. c4 c6 3. Nf3 Nf6 4. Nc3 Bg4 5. Ne5 Nbd7 6. Qb3 b6 7. Nxd7 Bxd7 8. cxd5 cxd5 9. Nxd5 e6 10. Nc3 h6
11. e4 Bc6 12. Bb5 Qd7 13. Bxc6 Qxc6 14. Qb5 Qxb5 15. Nxb5 Rd8 16. e5 Nd5 17. O-O a6 18. Nc3 Nxc3 19. bxc3 Rc8 20. Bd2 Rc4
21. Rfb1 b5 22. a4 b4 23. cxb4 Rxd4 24. Bc3 Rc4 25. Rb3 g5 26. b5 axb5 27. axb5 Kd7 28. b6 Bc5 29. b7 Rb8 30. Ra8 Kc7
31. Ba5+ Bb6 32. Bxb6+ Kxb7 33. Rxb8+ Kxb8 34. Be3+ Kc7 35. Rb5 Kc6 36. Ra5 Rb4 37. g3 Rb5 38. Ra6+ Kd5 39. Ra7 Kxe5 40. Rxf7 Ke4
41. Kg2 Rf5 42. Re7 Rf6 43. h4 gxh4 44. gxh4 Rg6+ 45. Kh3 e5 46. Rh7 Kf3 47. Rxh6 Rg1 48. Rf6+ Ke4 49. h5 Rh1+ 50. Kg4 Rg1+
51. Kh4 Rg7 52. h6 Rh7 53. Kh5 Re7 54. Kg6 Kd5 55. h7 Rxh7 56. Kxh7 e4 57. Kg6 Kc4 58. Rd6 Kc3 59. Kf5 Kc2 60. Kxe4 Kc3
61. Rd4 Kb3 62. Kd3 Ka3 63. Kc3 Ka2 64. Kc2 Ka3 65. Rf4 Ka2 66. Ra4#
1-0

[Event "Turtle Speed # 22"]
[Site "SchemingMind.com"]
[Date "2009.02.03"]
[Round "-"]
[White "Ivancic"]
[Black "reo"]
[Result "1-0"]
[WhiteCountry "AUS"]
[BlackCountry "THA"]
[WhiteElo "1957"]
[WhiteRD "71"]
[BlackElo "1847"]
[BlackRD "67"]
[GameID "189635"]

1. e4 c5 2. Nf3 d6 3. d4 cxd4 4. Nxd4 Nf6 5. Nc3 a6 6. Bc4 e6 7. Bb3 Nbd7 8. f4 Nc5 9. e5 Nfd7 10. exd6 Nf6
11. Be3 Bxd6 12. Qf3 O-O 13. O-O-O Nxb3+ 14. Nxb3 Qc7 15. g4 Bd7 16. Rhg1 Bc6 17. Qf2 Ne4 18. Nxe4 Bxe4 19. h4 Rac8 20. Rd2 Bb4
21. c3 Be7 22. f5 b5 23. Rd4 Ba8 24. Kb1 e5 25. Rdd1 Rfd8 26. Rc1 Rd6 27. g5 h5 28. gxh6 Bf8 29. hxg7 Be7 30. h5 Be4+
31. Ka1 Rf6 32. h6
1-0

[Event "Turtle Speed # 22"]
[Site "SchemingMind.com"]
[Date "2009.01.29"]
[Round "-"]
[White "fishofchaos"]
[Black "reo"]
[Result "1-0"]
[WhiteCountry "ENG"]
[BlackCountry "THA"]
[WhiteElo "1883"]
[WhiteRD "74"]
[BlackElo "1885"]
[BlackRD "86"]
[GameID "189636"]

1. d4 d5 2. c4 c6 3. Nf3 Nf6 4. e3 Bg4 5. h3 Bh5 6. Qb3 Qc7 7. Nc3 dxc4 8. Bxc4 Bg6 9. O-O Nbd7 10. Nh4 e6
11. Nxg6 hxg6 12. e4 Nb6 13. Bd3 c5 14. e5 cxd4 15. exf6 dxc3 16. Bb5+ Nd7 17. Rd1 O-O-O 18. Bxd7+ Rxd7 19. Rxd7 Qxd7 20. Qxc3+ Kb8
21. fxg7 Qd1+ 22. Kh2 Bd6+ 23. Bf4
1-0

[Event "Turtle Speed # 22"]
[Site "SchemingMind.com"]
[Date "2009.01.30"]
[Round "-"]
[White "Kobiahshi"]
[Black "reo"]
[Result "0-1"]
[WhiteCountry "USA"]
[BlackCountry "THA"]
[WhiteElo "1654"]
[WhiteRD "68"]
[BlackElo "1836"]
[BlackRD "71"]
[GameID "189637"]

1. d4 Nf6 2. c4 g6 3. Nc3 Bg7 4. e4 d6 5. f4 O-O 6. Nf3 c5 7. dxc5 Qa5 8. Bd3 Qxc5 9. Qe2 Nc6 10. Be3 Qa5
11. O-O Bg4 12. Rac1 Nd7 13. Qf2 Nc5 14. Bb1 Bxf3 15. gxf3 Na4 16. Nxa4 Qxa4 17. Rfd1 Rfd8 18. b3 Qa5 19. Qg2 a6 20. Kh1 Bf6
21. f5 Rf8 22. Rg1 Rae8 23. Rcd1 Qc7 24. Bh6 Bg7 25. Qg5 f6 26. Qh4 g5 27. Bxg5 fxg5 28. Rxg5 Rf7 29. Rdg1 Kh8 30. Qg4 Rg8
31. e5 Nxe5 32. Qh3 Rf6 33. Qh6 Rxh6 34. f6 Rxf6 35. Be4 Nxf3 36. Bxf3 Rxf3 37. R5g2 Qc6 38. h4 Rh3#
0-1

[Event "Turtle Speed # 22"]
[Site "SchemingMind.com"]
[Date "2009.01.30"]
[Round "-"]
[White "Mikael Hakim"]
[Black "reo"]
[Result "1-0"]
[WhiteCountry "INT"]
[BlackCountry "THA"]
[WhiteElo "2003"]
[WhiteRD "78"]
[BlackElo "1885"]
[BlackRD "86"]
[GameID "189638"]

1. e4 e6 2. d4 d5 3. Nc3 Bb4 4. e5 c5 5. a3 Bxc3+ 6. bxc3 Ne7 7. a4 Nbc6 8. Nf3 O-O 9. Be2 Qc7 10. O-O Bd7
11. Ba3 cxd4 12. Bd6 Qd8 13. cxd4 f6 14. Rb1 b6 15. c4 Rf7 16. Re1 Nf5 17. Ba3 Nce7 18. exf6 Rxf6 19. Ne5 Bc8 20. c5 bxc5
21. Bxc5 Nd6 22. Bd3 Ne4 23. Bxe7 Qxe7 24. Rxe4
1-0

[Event "Turtle Speed # 22"]
[Site "SchemingMind.com"]
[Date "2009.01.31"]
[Round "-"]
[White "Sammy75"]
[Black "reo"]
[Result "0-1"]
[WhiteCountry "NED"]
[BlackCountry "THA"]
[WhiteElo "1741"]
[WhiteRD "123"]
[BlackElo "1847"]
[BlackRD "67"]
[GameID "189639"]

1. e4 e5 2. Nf3 Nc6 3. Bb5 a6 4. Ba4 Nf6 5. O-O Be7 6. Re1 b5 7. Bb3 O-O 8. a4 b4 9. d4 d6 10. c3 Bg4
11. Be3 Na5 12. Bc2 Nc4 13. Qe2 Nxe3 14. Qxe3 exd4 15. cxd4 Be6 16. Nbd2 c6 17. Nb3 h6 18. d5 cxd5 19. Nbd4 Bd7 20. exd5 Qb6
21. a5 Qc5 22. Qd3 Rfe8 23. Nf5 Bb5 24. Nxe7+ Rxe7 25. Qf5 Rae8 26. Rxe7 Rxe7 27. Rd1 Re2 28. Nd4 Qxd4
0-1

[Event "Turtle Speed # 22"]
[Site "SchemingMind.com"]
[Date "2009.01.30"]
[Round "-"]
[White "Nobody22"]
[Black "reo"]
[Result "1-0"]
[WhiteCountry "USA"]
[BlackCountry "THA"]
[WhiteElo "1814"]
[WhiteRD "112"]
[BlackElo "1885"]
[BlackRD "86"]
[GameID "189640"]

1. d4 Nf6 2. Nf3 d5 3. h3 c5 4. Bf4 Nc6 5. e3 Qb6 6. b3 Bf5 7. Nbd2 h6 8. Be5 Nd7 9. dxc5 Qxc5 10. Bd4 Qxc2
11. Qxc2 Bxc2 12. Rc1 Nb4 13. a3 Nd3+ 14. Bxd3 Bxd3 15. Rc7 b6 16. Rxd7 Rc8 17. Bb2 Kxd7 18. Ne5+ Ke8 19. Nxd3 e6 20. O-O f6
21. Nf4 Kf7 22. Nf3 Be7 23. Rd1 Rc7 24. Nd4 e5 25. Nxd5 Rd7 26. Nf5 Rhd8 27. Nfxe7 Rxe7 28. e4 Rc7 29. Rd2 Rc5 30. f3 Rd7
31. Kf2 Ke6 32. g3 g5 33. g4 h5 34. Ke3 hxg4 35. hxg4 Rh7 36. a4 Rc8 37. Ba3 Rch8 38. Rc2 Rf7 39. Rc6+ Kd7 40. Rxf6 Rxf6
41. Nxf6+ Ke6 42. Nd5 Rh7 43. Nb4 Kf6 44. Bb2 Rc7 45. Nd3 Re7 46. Bxe5+ Rxe5 47. Nxe5 Kxe5 48. b4 a6 49. Kd3 b5 50. axb5 axb5
51. Ke3 Ke6 52. Kd4 Kd6 53. e5+ Kd7 54. Ke4 Ke6 55. f4 gxf4 56. Kxf4 Kf7 57. Kf5 Ke7 58. e6 Ke8 59. Kf6 Kf8 60. g5 Ke8
61. g6
1-0